| 000 | 00416nam a2200145Ia 4500 | ||
|---|---|---|---|
| 008 | 211109s9999||||xx |||||||||||||| ||und|| | ||
| 082 |
_a894.8123 _bKAN-N |
||
| 100 | _aKanam, E J | ||
| 245 | 0 | _aNee Bhoomiyude Uppakunnu | |
| 260 |
_bCurrent Books _aTrichur _c1966 |
||
| 300 | _a159p. | ||
| 630 | _xGeneral Stack | ||
| 650 |
_aMalayalam LiteratureMalayalam Essays _vMalayalam Fiction _xMalayalam Novels |
||
| 942 | _cBOOK | ||
| 999 |
_c26235 _d26235 |
||